| 000 | 01327nam a2200385 i 4500 | ||
|---|---|---|---|
| 001 | 13446 | ||
| 003 | KOSZ 005 | ||
| 005 | 20200403141330.0 | ||
| 008 | 080406s1963 pl a f |000 0 pol | ||
| 015 | _aPB 1963/5469 | ||
| 035 | _a(OCoLC)831353627 | ||
| 040 |
_aWA N _cWA N _dKOSZ 005/HR |
||
| 041 | 1 |
_apol _hrus |
|
| 080 | _a621.375 | ||
| 100 | 1 |
_aSergovancev, Boris Vasil'evič. _eAutor |
|
| 245 | 1 | 0 |
_aMikrofalowe wzmacniacze parametryczne / _cB. W. Siergowancew ; tł. Jan Szarek. |
| 246 | 1 |
_iTyt. oryg.: _aParametričeskie usiliteli svč |
|
| 260 |
_aWarszawa : _bWydawnictwo Ministerstwa Obrony Narodowej, _c1963. |
||
| 300 |
_a174, [2] s. : _bil. ; _c18 cm. |
||
| 336 |
_2rdacontent _aTekst _btxt |
||
| 337 |
_2rdamedia _aBez urządzenia pośredniczącego _bn |
||
| 338 |
_2rdacarrier _aWolumin _bnc |
||
| 380 | _aKsiążki. | ||
| 388 | _a1901-2000 | ||
| 388 | _a1945-1989 | ||
| 504 | _aBibliografia. | ||
| 658 | _aInzynieria i technika | ||
| 650 | 4 | _aRadioodbiorniki | |
| 650 | 4 | _aUrządzenia | |
| 650 | 4 | _aWzmacniacz | |
| 700 | 1 |
_aSzarek, Jan. _eTłumaczenie |
|
| 710 | 2 |
_aWydawnictwo Ministerstwa Obrony Narodowej _4pbl. |
|
| 856 |
_uhttp://koha.tu.koszalin.pl/cgi-bin/koha/opac-detail.pl?biblionumber=13446 _yKatalog online BPK |
||
| 942 |
_2UKD _cKS |
||
| 999 |
_c13446 _d13446 |
||